|
|
|
|
| LEADER |
00000nas a2200000 a 4500 |
| 001 |
ssj0015986 |
| 003 |
WaSeSS |
| 005 |
20200512172242.0 |
| 006 |
m d |
| 007 |
cr n |
| 008 |
920512c19929999sz mr p s 0 0eng c |
| 010 |
|
|
|a sn 92038181
|
| 015 |
|
|
|a 94,A48,1027
|2 dnb
|
| 015 |
|
|
|a 01638721X
|2 dnb
|
| 016 |
7 |
|
|a 01638721X
|2 DE-101
|
| 016 |
7 |
|
|a 1108932-5
|2 DE-600
|
| 016 |
7 |
|
|a 9211652
|2 DNLM
|
| 016 |
7 |
|
|a SR0074684
|2 DNLM
|
| 016 |
7 |
|
|a 008884171
|2 Uk
|
| 016 |
7 |
|
|a 012433404
|2 Uk
|
| 022 |
|
|
|a 1423-0097
|l 1018-2438
|y 1018-2438
|
| 030 |
|
|
|a IAAIEG
|
| 035 |
|
|
|a (WaSeSS)ssj0015986
|
| 040 |
|
|
|a FHJ
|b eng
|c FHJ
|d WAU
|d AGL
|d NYG
|d EYM
|d NLM
|d NST
|d MYG
|d NST
|d HUL
|d NST
|d COO
|d CAS
|d MYG
|d OCL
|d EYM
|d SYS
|d OCLCQ
|d OCL
|d NLGGC
|d LVB
|d CUS
|d OCLCQ
|d HEBIS
|d GBVCP
|d GWDNB
|d DEBBG
|d OCLCQ
|d UKMGB
|d OCLCO
|d OCLCQ
|d OCLCF
|d OCLCO
|d EUW
|d OCLCO
|d WIC
|d OCLCQ
|d OCLCO
|d GILDS
|d WaSeSS
|
| 042 |
|
|
|a pcc
|
| 050 |
1 |
4 |
|a RC583
|
| 060 |
0 |
0 |
|a W1
|b IN7042
|
| 070 |
0 |
|
|a RC583.I57
|
| 072 |
|
0 |
|a X380
|
| 082 |
0 |
4 |
|a 616.97
|b I612
|
| 210 |
1 |
0 |
|a Int Arch Allergy Immunol
|
| 222 |
|
0 |
|a International archives of allergy and immunology
|
| 245 |
0 |
0 |
|a International archives of allergy and immunology
|h [electronic resource].
|
| 260 |
|
|
|a Basel ;
|a New York :
|b S. Karger,
|c 1992-
|
| 310 |
|
|
|a Monthly
|
| 362 |
0 |
|
|a 97.1.92-
|
| 500 |
|
|
|a Title from cover.
|
| 506 |
|
|
|a License restrictions may limit access.
|
| 515 |
|
|
|a Also numbered on spine v. 97, no. 1-
|
| 515 |
|
|
|a Issued in three volumes per year, four numbers per volume.
|
| 588 |
|
|
|a Latest issue consulted: 98.1.92.
|
| 650 |
|
0 |
|a Allergy
|v Periodicals.
|
| 650 |
|
0 |
|a Immunology
|v Periodicals.
|
| 650 |
|
6 |
|a Allergie
|v Périodiques.
|
| 650 |
|
6 |
|a Immunologie
|v Périodiques.
|
| 650 |
|
7 |
|a Allergy.
|2 fast
|0 (OCoLC)fst00805549
|
| 650 |
|
7 |
|a Immunology.
|2 fast
|0 (OCoLC)fst00968006
|
| 650 |
1 |
7 |
|a Allergie.
|2 gtt
|
| 650 |
1 |
7 |
|a Immunologie.
|2 gtt
|
| 650 |
|
7 |
|0 (DE-588)4026637-0
|0 (DE-101)040266370
|a Immunologie
|2 gnd
|
| 650 |
|
7 |
|0 (DE-588)4001257-8
|0 (DE-101)040012573
|a Allergie
|2 gnd
|
| 650 |
0 |
7 |
|a Allergie.
|2 swd
|
| 650 |
0 |
7 |
|a Immunologie.
|2 swd
|
| 650 |
|
2 |
|a Allergy and Immunology.
|0 https://id.nlm.nih.gov/mesh/D000486
|
| 650 |
|
2 |
|a Hypersensitivity.
|0 https://id.nlm.nih.gov/mesh/D006967
|
| 655 |
|
0 |
|a Electronic journals.
|
| 780 |
0 |
0 |
|t International archives of allergy and applied immunology
|x 0020-5915
|w (DLC)sf 86001060
|w (OCoLC)1753377
|
| 850 |
|
|
|a AAP
|a CU-AM
|a DNAL
|a DNLM
|a ICarbS
|a InLP
|a MBCo
|a MCM
|a MiU
|a N
|a NIC
|a NjR
|a WaU
|
| 853 |
1 |
2 |
|8 1
|a v.
|b no.
|u 04
|v r
|i (year)
|w m
|
| 853 |
1 |
2 |
|8 2
|a v.
|b no.
|u 04
|v r
|i (year)
|j (month)
|w m
|x 01,05,09
|
| 856 |
4 |
0 |
|z Full text available from Research Library: 01/01/1998 to 12/31/2015
|u https://search.proquest.com/publication/41082
|
| 863 |
4 |
0 |
|8 1
|a <97>-
|i <1992>-
|x provisional
|
| 863 |
4 |
0 |
|8 2
|a <106>-
|i <1995>-
|x provisional
|